Statistiken für Bayrisch-Schwäbische Biere - Herkunft

Klicken Sie hier um das Quiz zu spielen!

Allgemein

  • Dieses Quiz wurde 46 mal gespielt
  • Das Durchschnittsergebnis liegt bei 4 aus 10

Antwortstatistiken

HintAntwort% Korrekt
MemmingerMemmingen
100%
Günzburger WeizenbierGünzburg
93%
RiegeleAugsburg
62%
AutenriederAutenried
62%
OettingerOettingen
49%
UstersbacherUstersbach
44%
AktienKaufbeuren
16%
SchwarzbräuZusmarshausen
11%
AnkerbräuNördlingen
7%
Hasen BräuKönigsbrunn
2%

Verteilung der Resultate

Perzentil nach korrekt beantworteten Fragen

Anzahl Personen mit jedem Resultat

Ihre Resultats-Entwicklung

Sie haben dieses Quiz noch nicht gespielt